| 000 | 00361 a2200133 4500 | ||
|---|---|---|---|
| 003 | Nust | ||
| 005 | 20170207171534.0 | ||
| 040 | _cNust | ||
| 082 | _a512.72 | ||
| 100 | _aKoshy, Thomas | ||
| 245 |
_aStudent solution manual for elementary number theory with applications (EBOOK) _cThomas Koshy |
||
| 300 | _a204 p. | ||
| 650 |
_aElementary number theory _cSolution manual |
||
| 942 |
_2ddc _cBK |
||
| 999 |
_c217140 _d217140 |
||